Last Five Presidents Quiz Stats

 Plays Quiz Updated Jan 20, 2021

Support Sporcle.
Go Orange.
Score 0/48 Timer 08:00
1 Play Today
% Correct
N/A
100%
George
98.5%
George H. W. Bush
98.3%
Bush
98.3%
Obama
98.2%
Barack
97.8%
William
97.7%
Clinton
97.4%
Donald Trump
96.8%
Donald
96.5%
Biden
96.3%
Trump
96.1%
Joseph
95.6%
Hillary Clinton
94.3%
Michelle
92.7%
Hillary
88.9%
Texas
88%
Al Gore
87%
Al Gore
87%
Kamala Harris
86.5%
Illinois
85.4%
Joe Biden
84.1%
Mike Pence
83.4%
Melania
81.4%
% Correct
Senator from Illinois
79.4%
Arkansas
78.9%
Hussein
78.2%
John McCain
77.9%
Mitt Romney
77.3%
Yale
75.5%
Walker
74%
Vice President
74%
Jill
73.5%
Governor of Texas
73.3%
Governor of Arkansas
73.3%
Delaware
73.1%
Dick Cheney
72.9%
Delaware
72.2%
Laura
71.3%
John
70.5%
John Kerry
69.3%
Businessman, Television Personality
65.9%
Jefferson
56.8%
Bob Dole
54.9%
University of Pennsylvania
45.9%
Robinette
45.7%
Columbia
39.7%
Georgetown
20.3%

From the Vault

'Seven' Year Major Events by Seven Word Clue

by El_Dandy

History 7m
The number seven is supposedly lucky. If that's not a reason to play this quiz, then we don't know what is.
Remove Ads.
Support Sporcle.
Get the best of Sporcle when you Go Orange. This ad-free experience offers more features, more stats, and more fun while also helping to support Sporcle. Thank you for becoming a member.

Show Comments

Extras

Top Quizzes Today


Score Distribution

Your Account Isn't Verified!

In order to create a playlist on Sporcle, you need to verify the email address you used during registration. Go to your Sporcle Settings to finish the process.

Report this User

Report this user for behavior that violates our Community Guidelines.

Details: